000 00501nam a2200181Ia 4500
005 20250326142240.0
008 250326s9999 xx 000 0 und d
037 _aTextbook
040 _aFMSL
_beng
_cFMSL
041 _aeng
_2eng
084 _aX:74.1 N5
_qFMSL
100 _aMendenhall M
_9745800
245 0 _aGlobal management
_cMendenhall M And Others
260 _aCambridge
_bCambridge, Balckwell
_c1995
300 _a733p
942 _cTB
_hX:74.1 N5
999 _c1294124
_d1294124